Supervision and leadership in tourism and hospitality (Record no. 80826)

MARC details
000 -LEADER
fixed length control field 01266nam a2200241 a 4500
008 - FIXED-LENGTH DATA ELEMENTS--GENERAL INFORMATION
fixed length control field 070427s1998 ||||||||||||||||| || u
020 ## - INTERNATIONAL STANDARD BOOK NUMBER
International Standard Book Number 0304706868
050 ## - LIBRARY OF CONGRESS CALL NUMBER
Classification number TX 911.3.M27 Wag
100 ## - MAIN ENTRY--PERSONAL NAME
Personal name Wagen, Lynn Van Der
245 10 - TITLE STATEMENT
Title Supervision and leadership in tourism and hospitality
260 ## - PUBLICATION, DISTRIBUTION, ETC.
Place of publication, distribution, etc. Londn
Name of publisher, distributor, etc. Cassell
Date of publication, distribution, etc. 1998
300 ## - PHYSICAL DESCRIPTION
Extent 188p. :ill.
350 ## -
-- 0.00
650 ## - SUBJECT ADDED ENTRY--TOPICAL TERM
Topical term or geographic name entry element TOURISM--MANAGEMENT
650 ## - SUBJECT ADDED ENTRY--TOPICAL TERM
Topical term or geographic name entry element HOSPITALITY INDUSTRY--MANAGEMENT
650 ## - SUBJECT ADDED ENTRY--TOPICAL TERM
Topical term or geographic name entry element TOURISM
650 ## - SUBJECT ADDED ENTRY--TOPICAL TERM
Topical term or geographic name entry element Leisure industry--Management
700 ## - ADDED ENTRY--PERSONAL NAME
Personal name Davies, Christine
995 ## -
-- ANNEX COLLECTION (Main Library)
-- 0.00
-- 737680
-- CBU-MAIN LIBRARY (Kitwe)
-- 1
-- 0.00
-- TX 911.3.M27 Wag
-- 4
-- AVAILABLE
-- Apr 27, 2007
-- 54905
-- Annex Low-Usage Collection
995 ## -
-- MAIN LIBRARY OPEN ACCESS
-- 0.00
-- 737681
-- CBU-MAIN LIBRARY (Kitwe)
-- 1
-- 0.00
-- TX 911.3.M27 Wag
-- 2
-- AVAILABLE
-- Apr 27, 2007
-- 54903
-- Main Library Open Access Collection
995 ## -
-- ANNEX COLLECTION (Main Library)
-- 0.00
-- 737682
-- CBU-MAIN LIBRARY (Kitwe)
-- 1
-- 0.00
-- TX 911.3.M27 Wag
-- 3
-- AVAILABLE
-- Apr 27, 2007
-- 54904
-- Annex Low-Usage Collection
995 ## -
-- MAIN LIBRARY OPEN ACCESS
-- 0.00
-- 737679
-- CBU-MAIN LIBRARY (Kitwe)
-- 1
-- 0.00
-- TX 911.3.M27 Wag
-- 1
-- AVAILABLE
-- Apr 27, 2007
-- 54902
-- Main Library Open Access Collection
999 ## -
-- 80826
-- 80826
Holdings
Withdrawn status Lost status Source of classification or shelving scheme Damaged status Not for loan Permanent Location Current Location Shelving location Date acquired Total Checkouts Full call number Barcode Date last seen Copy number Price effective from Koha item type
          CBU-MAIN LIBRARY, KITWE. CBU-MAIN LIBRARY, KITWE.   07/11/2023   TX 911.3.M27 Wag 54905 07/11/2023 1 07/11/2023 MONOGRAPH
          CBU-MAIN LIBRARY, KITWE. CBU-MAIN LIBRARY, KITWE.   07/11/2023   TX 911.3.M27 Wag 54903 07/11/2023 2 07/11/2023 MONOGRAPH
          CBU-MAIN LIBRARY, KITWE. CBU-MAIN LIBRARY, KITWE.   07/11/2023   TX 911.3.M27 Wag 54904 07/11/2023 3 07/11/2023 MONOGRAPH
          CBU-MAIN LIBRARY, KITWE. CBU-MAIN LIBRARY, KITWE.   07/11/2023   TX 911.3.M27 Wag 54902 07/11/2023 4 07/11/2023 MONOGRAPH